000 00285pam a2200133 a 4500
020 _c
041 _h
082 _bKAC
100 _aKACHOLE, D. D./SALUNKHE,
245 _a"GUNHA-SAMAJASHASTRA
260 _bKAILASH PUBLICATION. AURANGABAD
_c2001
300 _a365
930 _a16671
999 _c119270
_d119270